000 00478nam a2200145Ia 4500
008 180523s9999 xx 000 0 und d
020 _a9789719808855
100 _aBrawner, Dalisay G.
245 _cDalisay G. Brawner, Analiza F. Arcega.
_aUnderstanding the self /
260 _aQuezon City :
_bC & E Publishing
_c2018
300 _axii, 151 pages :
_billustrations ;
_ccm.
500 _aIncludes bibliography and index.
650 _aPersonality.
650 _aSelf-perception.
999 _c357896
_d357896